000 01104nam a2200301 a 4500
001 85062
003 BD-RjUL
005 20250626103620.0
008 250626r19661922stkah 000 0 eng
035 _a(BD-RjUL)85062
040 _aDLC
_cDLC
_dDLC
_dBD-RjUL
_beng
041 _aeng
082 0 0 _223
_a823.3
_bGRN 1966
100 1 _aGreene, Robert,
_d1558-1592.
_915788
245 1 2 _aA notable discovery of coosnage, 1591 :
_bThe second part of conny-catching, 1592 /
_cRobert Greene ; G. B. Harrison
260 _aEdinburgh :
_bEdinburgh U.P.,
_c1966.
300 _a61, 59 p.:
_billus.;
_c19 cm.
350 _aunpriced
500 _aIncludes facsims, of original title pages.
500 _aRunning title: The art of conny-catching.
500 _aReprint of the ed. first published in 1923.
650 0 _aCrime
_zEngland
_zLondon
_vEarly works to 1800.
_915789
651 0 _aLondon (England)
_xSocial life and customs
_vEarly works to 1800.
_915790
700 _aHarrison, G. B. (Editor)
_915791
942 _2ddc
_cBK
999 _c85062
_d85062